| 000 | 00586nam a2200181Ia 4500 | ||
|---|---|---|---|
| 005 | 20251020182608.0 | ||
| 008 | 200515s9999 xx 000 0 und d | ||
| 082 | _aSC/615.8:331-056.24/O36 | ||
| 110 | _aOIT | ||
| 245 | 0 | _aServicios de rehabilitación profesional para las personas inválidas : Disposiciones legislativas | |
| 260 | _aGinebra | ||
| 260 | _c1987 | ||
| 300 | _a172 | ||
| 520 | _aSe basa en las respuestas de los gobiernos de 68 Estados Miembros de la OIT de todas las regiones del mundo | ||
| 650 | _aPUB OIT | ||
| 650 | _aREHABILITACION PROFESIONAL | ||
| 942 | _cLIB | ||
| 999 |
_c3255 _d3255 |
||